000 00815cab a2200241 4500
001 WB3448-47
008 090401t1998 xxu||||| |||| 00| 0 eng d
035 _a(Sirsi) u90303
041 _aeng
245 4 _aThe road to nowhere
260 _c1998
350 _a0
490 _aIndependent
_v14 December 1998, 16(2)
520 _aGovernment`s consultation document `Breaking the Logjam` has pushed technology to the top of the transport agenda. Despite enthusiasm for introducing road pricing schemes there has been no agreement so far on how they should be implemented.
650 _aROAD PRICING
650 _aROAD TOLLS
650 _aTRAFFIC CONGESTION
650 _aTRAFFIC MANAGEMENT
650 _aTRANSPORT POLICY
690 _aTRANSPORT AND COMMUNICATIONS
942 _n0
948 _c15/12/1998
999 _c57237
_d57237